000 00605nam a2200229Ia 4500
003 OSt
005 20220924135504.0
006 a|||||r|||| 00| 0
007 ta
008 220923b |||||||| |||| 00| 0 ben d
024 _a291340
037 _cTextual
040 _aARTS
_cARTS
_bben
041 _2ben
_aben
082 _aO157wM3, H7
100 _aBandopadhyay
_9196155
245 0 _aIswar Chandra Bidya Sagar, Dinabondhu Mitra, Pyarichand Mitra
260 _c1947
650 _aBENGALI LITERATURE
942 _hO157wM3, H7
_cTEXL
_2CC
999 _c440838
_d440838